|
|
|
|
| LEADER |
02840nam a22003853i 4500 |
| 001 |
EBC7101283 |
| 003 |
MiAaPQ |
| 005 |
20240729202204.0 |
| 006 |
m o d | |
| 007 |
cr cnu|||||||| |
| 008 |
240729s2014 xx o ||||0 ger d |
| 020 |
|
|
|a 9783428573455
|q (electronic bk.)
|
| 020 |
|
|
|z 9783428173457
|
| 035 |
|
|
|a (MiAaPQ)EBC7101283
|
| 035 |
|
|
|a (Au-PeEL)EBL7101283
|
| 035 |
|
|
|a (OCoLC)1348488782
|
| 040 |
|
|
|a MiAaPQ
|b eng
|e rda
|e pn
|c MiAaPQ
|d MiAaPQ
|
| 100 |
1 |
|
|a Socialpolitik, Verein für.
|
| 245 |
1 |
0 |
|a Verhandlungen des Vereins Für Socialpolitik über Die Wohnungsfrage und Die Handelspolitik :
|b (Verhandlungen der Generalversammlung in München, 23. , 24. und 25. September 1901. Auf Grund der Stenographischen Niederschrift Hrsg. Vom Ständigen Ausschuß. ) (Schriften des Vereins Für Socialpolitik XCVIII).
|
| 250 |
|
|
|a 1st ed.
|
| 264 |
|
1 |
|a Berlin :
|b Duncker & Humblot,
|c 2014.
|
| 264 |
|
4 |
|c {copy}1902.
|
| 300 |
|
|
|a 1 online resource (485 pages)
|
| 336 |
|
|
|a text
|b txt
|2 rdacontent
|
| 337 |
|
|
|a computer
|b c
|2 rdamedia
|
| 338 |
|
|
|a online resource
|b cr
|2 rdacarrier
|
| 490 |
1 |
|
|a Duncker and Humblot Reprints Series
|
| 505 |
0 |
|
|a Intro -- Inhaltsverzeichnis -- Erster Verhandlungstag, Montag, 23. September 1901 -- Zur Eröffnung -- Die Wohnungsfrage. -- I. Referat von Professor Dr. C. I. Fuchs -- II. Referat von Professor Dr. E. von Philippovich -- III. Referat von Landesrat M. Brandts -- Debatte -- Zweiter Verhandlungstag, Dienstag, 24. September 1901 -- Wirkung der gegenwärtigen und Ziele der künftigen Handelspolitik, insbesondere in socialpolitischer Beziehung -- I. Referat von Professor Dr. W. Lotz -- II. Referat von Professor Dr. H. Schumacher -- III. Referat von Professor Dr. L. Pohle -- Debatte -- Dritter Verhandlungstag, Mittwoch, 25. September 1901 -- Debatte -- Verzeichnis der Redner -- Verzeichnis der Teilnehmer an der Generalversammlung -- Anhang -- I. Die Wohnungsstatistik von Wien und Budapest. Von H. Lindemann -- II. Die Wohnungsfrage in Frankreich. Von Franz Bizek -- III. Der deutsch-österreich-ungarische Handelsvertrag vom 6. Dezember 1891. Von Robert Wuttke.
|
| 588 |
|
|
|a Description based on publisher supplied metadata and other sources.
|
| 590 |
|
|
|a Electronic reproduction. Ann Arbor, Michigan : ProQuest Ebook Central, 2024. Available via World Wide Web. Access may be limited to ProQuest Ebook Central affiliated libraries.
|
| 655 |
|
4 |
|a Electronic books.
|
| 776 |
0 |
8 |
|i Print version:
|a Socialpolitik, Verein für
|t Verhandlungen des Vereins Für Socialpolitik über Die Wohnungsfrage und Die Handelspolitik
|d Berlin : Duncker & Humblot,c2014
|z 9783428173457
|
| 797 |
2 |
|
|a ProQuest (Firm)
|
| 830 |
|
0 |
|a Duncker and Humblot Reprints Series
|
| 856 |
4 |
0 |
|u https://ebookcentral.proquest.com/lib/matrademy/detail.action?docID=7101283
|z Click to View
|